Malcolm In The Middle - Statistics

General Stats
  • This quiz has been taken 959 times
  • The average score is 11 of 15
Answer Stats
Hint Answer % Correct
Who joins the cheerleading squad because he has a crush on one of the cheerleaders? Reese
96%
How many seasons are there in total of the show? 7
92%
What is Malcolm's best friend called? Stevie
86%
What is the fifth son called? Jamie
84%
What did Lois find which was burnt and in the toilet? Red Dress
83%
Which year was it when the first episode was broadcasted? 2000
81%
Who does Hal try to avoid when attending a company picnic with his family? Boss
80%
Who is Lois' co-worker? Craig
75%
What is stolen when Malcolm and his best friend go down to the arcade? Wheelchair
71%
Where does Francis work? The Ranch
65%
What is the opening song called? Boss Of Me
62%
What form of transport did the majority of the brothers drive in at the wedding? Golf Kart
58%
Where does Lois work? Lucky Aide Drugstore
55%
Where is Malcolm transferred to because of his high I.Q.? Gifted Class
54%
What do the boys buy and try to fix up? Mini Bike
51%
No matching quizzes found
Score Distribution
Percent of People with Each Score
Percentile by Number Answered
Your Score History
You have not taken this quiz